00510nam a2200085Ia 4500008004100000245003000041300027500071650001600346856006200362170517s9999 xx 000 0 und d 4aThe Man Who Lost His Body aIn 1971 Ian Waterman was a butcher on Jersey. He was nineteen, newly qualified and working flat out to make a go of the business. Then suddenly he went down with what seemed to be gastric flu. But it wasn't. He became wobbly and weak. Within days he had collapsed and... xTechnology. uhttp://topdocumentaryfilms.com/the-man-who-lost-his-body/